[Event "Metalska Trgovina CC 90"]
[Site "Ljubljana"]
[Date "2002.01.31"]
[Round "11"]
[White "Nisipeanu, Liviu Dieter"]
[Black "Soln, Primoz"]
[Result "1-0"]
[WhiteElo "2608"]
[BlackElo "2412"]
[Annotator "Atlas,V"]
[PlyCount "67"]
[EventDate "2002.01.19"]
[EventType "tourn"]
[EventRounds "11"]
[EventCountry "SLO"]
[EventCategory "11"]
[SourceTitle "CBM 088"]
[Source "ChessBase"]
[SourceDate "2002.03.21"]
[SourceVersion "1"]
[SourceVersionDate "2002.03.21"]
[SourceQuality "1"]

1. e4 e6 2. d4 d5 3. Nd2 Nc6 4. Ngf3 Nf6 5. e5 Nd7 6. Bd3 Nb4 7. Be2 c5 8. c3
Nc6 9. O-O cxd4 10. cxd4 Qb6 11. Nb3 a5 12. a4 Nb4 13. Bb5 Be7 14. Bg5 Qd8 15.
Bxe7 Qxe7 16. Nc5 O-O 17. Nd3 Nb6 18. Nxb4 Qxb4 19. Ra3 Qe7 20. Rb3 Bd7 21.
Bxd7 Nxd7 22. Rxb7 Rab8 23. Ra7 Qd8 24. b3 Rb4 25. Qc2 Nb8 26. Rc1 h6 27. h4
Qb6 28. Qc7 Rxb3 29. Rxa5 Qb4 30. Rcc5 Qa3 31. Ra7 Rb1+ 32. Kh2 Qd3 33. Qe7 $1
{[%csl Gc5] Opening the way for the c5-rook.} g6 {[%tqu "En","White's
advantage is ovewhelming, but what's the most efficient way to conclude the
game?","Try to deflect the f8-rook.","Use your c5-rook for the decisive
strike!","c5c8","This is a nice touch!",4]} 34. Rc8 $1 {[%csl Rf7,Rf8,Rg8]
[%cal Ga7g7]} (34. Rc8 {The shortest way to victory! Black resigned in view of
the line} Rxc8 35. Qxf7+ Kh8 36. Qh7#) 1-0

[Event "Moscow3"]
[Site "Moscow"]
[Date "1995.??.??"]
[Round "?"]
[White "Janovsky, Sergey"]
[Black "Naumkin, Igor"]
[Result "1-0"]
[WhiteElo "2450"]
[BlackElo "2500"]
[Annotator "Belov,I"]
[PlyCount "43"]
[EventDate "1995.04.??"]
[EventType "tourn"]
[EventRounds "11"]
[EventCountry "RUS"]
[EventCategory "8"]
[SourceTitle "CBM 047 Extra"]
[Source "ChessBase"]
[SourceDate "1995.09.01"]
[SourceVersion "1"]
[SourceVersionDate "1995.09.01"]
[SourceQuality "1"]

1. e4 e6 2. d4 d5 3. Nd2 Nc6 4. Ngf3 Nf6 5. e5 Nd7 6. Bb5 a5 (6... Be7 7. O-O (
7. Nb3 a5 8. a4 Ncb8 9. h4 $1 b6 10. Ng5 h6 11. Nxe6 fxe6 12. Qh5+ Kf8 13. Rh3
Ba6 14. Rf3+ Kg8 15. Qf7+ Kh7 16. Bxh6 $1 {Georgiev,Kr-Borngasser,R/Halkhidiki/
1990/1:0/34/}) 7... a6 8. Bxc6 bxc6 9. Nb3 c5 10. Na5 Nb8 11. Be3 cxd4 12. Nxd4
O-O 13. b4 $1 {Tseitlin,Ma-Naumkin,I/St-Peterburg/1992/1:0/22/}) 7. O-O $5 (7.
a4 Na7 (7... Ncb8 $5 8. O-O Be7 9. Re1 b6 10. c3 Ba6) 8. Bd3 c5 9. c4 cxd4 10.
cxd5 Nc5 11. Nc4 exd5 12. Na3 Be7 13. O-O Nc6 14. Nc2 Bg4 15. Bb5 Ne6 16. h3
Bh5 17. g4 Bg6 18. Ncxd4 $14 {Swidler,P-Martinez Fonn,O/Dortmund op/1991/1:0/
41/}) (7. c3 Na7 8. Bd3 c5 9. O-O Nc6 10. Re1 cxd4 11. cxd4 a4 12. Nf1 Be7 13.
Ng3 h5 $13 {ErmenkovE-Kovacevic Vlado/Kavala/1990/0:1/39/}) 7... Na7 8. Bd3 c5
9. c4 $1 dxc4 (9... cxd4 10. cxd5 Nc5 11. Nc4 (11. Nb3 Nxd3 12. Qxd3 Qxd5 $10)
11... exd5 12. Bg5 Qc7 13. Na3 $36) 10. Nxc4 Nc6 11. Be4 $1 (11. Bg5 Qc7 12.
Rc1 h6 13. Bd2 $14) 11... cxd4 (11... Nxd4 12. Nxd4 cxd4 13. Qxd4 Bc5 14. Nd6+
Kf8 15. Qc3 $16) 12. Bxc6 bxc6 13. Qxd4 c5 14. Qg4 Ba6 (14... g6 15. Bg5 Qc7
16. Rfd1 $16) 15. Nd6+ $1 $16 (15. Rd1 Bxc4 16. Qxc4 Qc7 17. Bf4 Be7 $14) 15...
Bxd6 16. Qxg7 Rf8 (16... Bf8 17. Qxh8 Bxf1 18. Bg5 Qb6 19. Rxf1 $16) 17. exd6
Bxf1 18. Bg5 Qb6 (18... f6 19. Re1 e5 20. Nxe5 Nxe5 21. Rxe5+ fxe5 22. Bxd8 Rf7
23. Qg8+ Rf8 24. Qe6+ Kxd8 25. Qe7+ $18) 19. Be7 $1 $18 (19. Rxf1 Qxd6 20. Qxh7
f6 $13) 19... Ba6 (19... Bd3 20. Ne5 Bf5 (20... Nxe5 21. Qxf8+ Kd7 22. Qxa8 $18
) 21. Bxf8 Nxe5 22. Qxe5 Kxf8 23. Qh8# $18) 20. Ng5 Ra7 21. Nxh7 (21. Bxf8 Nxf8
) 21... Bd3 22. Qxf8+ $1 (22. Qxf8+ Nxf8 23. Nf6#) 1-0

[Event "USA-ch"]
[Site "Greenville"]
[Date "1983.??.??"]
[Round "10"]
[White "Gurevich, Dmitry"]
[Black "Lein, Anatoly"]
[Result "1-0"]
[WhiteElo "2470"]
[BlackElo "2490"]
[Annotator "Bulletin"]
[PlyCount "114"]
[EventDate "1983.07.??"]
[EventType "tourn"]
[EventRounds "13"]
[EventCountry "USA"]
[EventCategory "10"]
[SourceTitle "MCL"]
[Source "ChessBase"]
[SourceDate "1999.07.01"]
[SourceVersion "1"]
[SourceVersionDate "1999.07.01"]
[SourceQuality "1"]

1. d4 e6 2. e4 d5 3. Nd2 Nc6 4. Ngf3 Nf6 5. e5 Ne4 $6 6. c3 (6. Bd3 Nxd2 7.
Bxd2 Nb4 8. Be2 c5 9. dxc5 $16) 6... Nxd2 7. Bxd2 h6 (7... Be7 8. Bd3 O-O $2 9.
h4 $1 h6 10. Bb1 {/\11.Qc2}) 8. Bd3 Bd7 9. O-O Qe7 10. b4 (10. c4) 10... g5 11.
h3 Bg7 12. Rb1 b6 (12... O-O 13. Nh2 $1) 13. Qc2 a5 14. b5 Nd8 15. Nh2 (15. c4)
15... h5 16. Qc1 $1 f6 (16... g4 $2 17. Bg5) 17. c4 $1 dxc4 18. Qxc4 Rc8 19.
exf6 Bxf6 20. Bg6+ Kf8 21. Qe2 Be8 22. Bxe8 Qxe8 23. Rb3 $1 Qd7 24. Rf3 Kg7 25.
Rxf6 $6 (25. Bxg5 $1 Bxg5 (25... Bxd4 26. Rd1) 26. Qe5+ Kg6 27. Qxh8 Nf7 28.
Rxf7 $1 Kxf7 29. Qh7+ Ke8 30. Qg8+ Ke7 31. Qxg5+) 25... Kxf6 26. Qe5+ Kg6 27.
Qxg5+ (27. Qxh8 $2 Nf7) 27... Kf7 28. Nf3 Ke8 29. Re1 Qe7 30. Qg6+ Qf7 31. Qe4
Rg8 32. Bg5 Qg6 33. Qe3 Nf7 $1 34. Qxe6+ Qxe6 35. Rxe6+ Kf8 36. Be7+ Kg7 37.
Bf6+ Kh7 38. Re7 Kg6 39. Re6 Kh7 (39... Kf5 40. d5 $1) 40. d5 Rce8 41. Rc6 Rc8
42. h4 $1 Rg6 43. Ng5+ Kg8 44. Nxf7 $1 Kxf7 45. d6 $1 Rcg8 46. dxc7 Rxg2+ 47.
Kf1 Rg1+ 48. Ke2 Rc8 49. Bd4 Rb1 50. a4 Rb4 51. Bxb6 Rxa4 52. Bc5 Ra2+ 53. Kd3
Rb2 54. b6 a4 55. Kc3 Rb1 56. Kc4 Ke8 57. Re6+ Kf7 1-0

[Event "Montreal International"]
[Site "Montreal"]
[Date "1979.04.12"]
[Round "2"]
[White "Huebner, Robert"]
[Black "Larsen, Bent"]
[Result "1-0"]
[WhiteElo "2595"]
[BlackElo "2620"]
[Annotator "ChessBase"]
[PlyCount "109"]
[EventDate "1979.04.11"]
[EventType "tourn"]
[EventRounds "18"]
[EventCountry "CAN"]
[EventCategory "15"]
[SourceTitle "MCL"]
[Source "ChessBase"]
[SourceDate "1999.07.01"]
[SourceVersion "1"]
[SourceVersionDate "1999.07.01"]
[SourceQuality "1"]

1. d4 e6 2. e4 d5 3. Nd2 Nc6 4. Ngf3 Nf6 5. e5 Nd7 6. Nb3 a5 7. a4 b6 8. c3 (8.
Bb5) 8... Be7 9. Bd3 Ba6 10. Bxa6 Rxa6 11. O-O Ra8 12. Re1 Nf8 13. Nbd2 Ng6 14.
Nf1 Qd7 15. Qe2 O-O 16. Ng3 Rae8 17. Nh5 f6 18. Nf4 (18. exf6 Bxf6 19. Nxf6+
gxf6 $17) 18... Nxf4 (18... fxe5 $5 19. Nxg6 hxg6 20. Nxe5 Nxe5 21. Qxe5 Bd6
22. Qg5 Qf7 23. Be3 e5 $10) 19. Bxf4 f5 20. Reb1 Ra8 21. Qb5 Rfc8 (21... Rfd8
$5) 22. Bg5 Bf8 23. Bd2 h6 24. b4 $6 (24. h4 $5 g6 25. Ne1 Kh7 26. Nd3 Bg7 27.
Nf4 $14) 24... g5 $6 (24... Ra7 $5 25. Qd3 axb4 26. cxb4 Rca8 27. Qc2 Nd8 28.
b5 (28. a5 Nb7) 28... Rc8 29. a5 bxa5 30. Bxa5 Rb7 $15) 25. h4 g4 26. Ne1 Qe8 (
26... Ra7 27. Qd3 axb4 28. cxb4 Rca8 29. b5 Nd8 30. Qc2 c5 31. bxc6 Nxc6 $15)
27. Qd3 axb4 (27... Ne7 28. b5 c5 29. bxc6 Rxc6 30. Rb5 $14) 28. cxb4 Ra7 29.
Bc3 (29. b5 Nd8 30. Qb3 c5 31. dxc5 Bxc5 $17) 29... Rca8 (29... Nd8 $6 30. a5
bxa5 31. bxa5 c5 32. dxc5 Bxc5 33. Qd2 Rac7 34. Rb3 Be7 $15) 30. Qd1 Nd8 31. b5
(31. a5 Qb5) 31... c5 $6 (31... c6 $142 $10) 32. dxc5 Bxc5 (32... bxc5 33. a5
d4 34. Bd2 c4 35. a6 c3 36. Bf4 Bc5 37. Nd3 Bb6 38. Bxh6 $16) 33. Nd3 Nb7 34.
g3 (34. Nf4 $2 g3) 34... d4 $2 (34... Bf8 35. Qb3 Na5 (35... Nc5 36. Nxc5 Bxc5
37. Kg2 $13) 36. Bxa5 Rxa5 37. Rc1 $16) 35. Bd2 Bf8 36. Qb3 $2 (36. Rc1 $1 $16)
36... Rc8 37. Rc1 Raa8 38. Ra2 $6 (38. Rc4 Rxc4 (38... Qd7 39. Rac1 $2 Qd5 40.
Qc2 Nc5 $17) 39. Qxc4 Rc8 40. Qxd4 Rd8 41. Qc4 Qd7 42. Be3 Na5 43. Qa2 Qxd3 44.
Qxe6+ Kh7 45. Bxb6 $16) (38. Rxc8 $5 Rxc8 39. Rc1 Rxc1+ 40. Bxc1 Qc8 41. Bd2
$16 {(Huebner 79)}) 38... Rxc1+ 39. Bxc1 Na5 40. Qb1 Rc8 (40... Qd7 41. Rc2 Qd5
42. Nf4 Qb3 43. Qxb3 Nxb3 44. Rc4 $1 Nxc1 45. Rxc1 Rxa4 46. Nxe6) 41. Rc2 Rc3
$2 (41... Qd7 42. Bd2 Nb7 $14) 42. Rxc3 dxc3 43. Qc2 Qc8 44. Be3 Qc4 45. Bxb6
Nb3 46. Be3 Na1 (46... Nd4 47. Bxd4 Qxd4 48. b6 Qxb6 49. Qxc3 $18) 47. Qe2 $1 (
47. Qd1 Nb3 $1 48. b6 $6 c2 49. Qe2 Na5 $10) 47... Qxa4 (47... Nb3 48. Qa2 c2
49. Nc1) (47... c2 48. Nc1 Qxa4 49. b6 Qb4 50. Qa6 Nb3 51. b7) 48. b6 Nb3 (
48... Qb5 49. Nc1 Qxe5 50. b7 c2 51. Bf4) 49. Qc2 Qc4 (49... Qb5 50. Qxc3) 50.
Qa2 $1 Qd5 (50... Qxd3 51. Qxb3) (50... Qb5 51. Qa8 Na5 52. Bc5 Qxd3 53. Qxf8+
Kh7 54. Qf7+ Kh8 55. Be7 Qb1+ 56. Kh2 c2 57. Bf6#) 51. Nf4 Qd1+ 52. Kh2 c2 (
52... Nd2 53. Qxe6+ Kh8 54. Bxd2 Qxd2 (54... cxd2 55. Qe8) 55. b7 Qxf2+ 56. Ng2
Qb2 57. Qc8 $18) 53. Qxb3 {1-0} c1=Q 54. Qxe6+ Kh7 55. Bxc1 1-0

[Event "Lvov"]
[Site "Lvov"]
[Date "1984.02.16"]
[Round "6"]
[White "Malaniuk, Vladimir P"]
[Black "Sahovic, Dragutin"]
[Result "1-0"]
[WhiteElo "2485"]
[BlackElo "2425"]
[Annotator "ChessBase"]
[PlyCount "97"]
[EventDate "1984.02.10"]
[EventType "tourn"]
[EventRounds "13"]
[EventCountry "URS"]
[EventCategory "11"]
[SourceTitle "MCL"]
[Source "ChessBase"]
[SourceDate "1999.07.01"]
[SourceVersion "1"]
[SourceVersionDate "1999.07.01"]
[SourceQuality "1"]

1. e4 Nc6 2. Nf3 e6 3. d4 d5 4. Nbd2 Nf6 5. e5 Nd7 6. Be2 f6 7. exf6 Qxf6 8.
Nf1 Bd6 9. Ne3 O-O 10. O-O Nb6 (10... Qg6 11. c4 Nf6 12. g3 $14 {(Richmond 80)}
) 11. Ng4 Qg6 12. Nh4 (12. Nfe5 Bxe5 13. Nxe5 Nxe5 14. dxe5 Bd7 15. b3 c5 {
Kapengut-Yurtaev Kiev 1978}) (12. h3 $1 e5 $6 13. Ngxe5 $1 Bxe5 14. dxe5 Bxh3
15. Nh4 $1 Qe4 16. f4 Bd7 17. Bd3 $16 {Dolmatov,S-Yurtaev,L USSR 1978 1/2-1/2
??!}) 12... Qe8 13. Nf3 e5 14. Ngxe5 Nxe5 15. Nxe5 Bxe5 16. dxe5 Qxe5 17. c3
Bf5 18. Be3 Nc4 19. Bd4 Qd6 20. b4 b6 21. Re1 Rfe8 22. Bxc4 Rxe1+ 23. Qxe1 dxc4
24. Qe3 Bg6 25. Be5 Qd3 26. Bxc7 Re8 27. Qg3 Re2 28. h3 Qxg3 29. Bxg3 Rb2 30.
a3 a6 31. Bc7 Rb3 32. Be5 Rb1+ 33. Rxb1 Bxb1 34. f3 Kf7 35. Kf2 Bd3 36. h4 g6
37. Ke3 Ke6 38. Kd4 Bf1 39. g3 Bg2 40. f4 Bf1 41. a4 Kd7 42. b5 a5 43. g4 Be2
44. g5 Bd1 45. Kxc4 Bxa4 46. Bd4 Kc7 47. f5 Bc2 48. f6 a4 49. Kb4 1-0

[Event "Novi Sad"]
[Site "Novi Sad"]
[Date "1984.??.??"]
[Round "?"]
[White "Sokolov, Andrei"]
[Black "Kovacevic, Vlatko"]
[Result "1-0"]
[WhiteElo "2495"]
[BlackElo "2555"]
[Annotator "ChessBase"]
[PlyCount "45"]
[EventDate "1984.10.??"]
[EventType "tourn"]
[EventRounds "11"]
[EventCountry "YUG"]
[EventCategory "12"]
[SourceTitle "MCL"]
[Source "ChessBase"]
[SourceDate "1999.07.01"]
[SourceVersion "1"]
[SourceVersionDate "1999.07.01"]
[SourceQuality "1"]

1. e4 e6 2. d4 d5 3. Nd2 Nc6 4. c3 e5 5. exd5 Qxd5 6. Ngf3 exd4 7. Bc4 Qh5 8.
cxd4 Nf6 9. O-O Be7 10. Re1 $1 O-O (10... Bg4 $6 11. h3 Bxf3 12. Nxf3 O-O-O 13.
Qa4 $1 $16) 11. h3 Bd6 12. Nf1 h6 13. Ng3 Bxg3 $2 (13... Qa5 $142) 14. fxg3 Rd8
15. g4 Qa5 16. Be3 Nd5 17. Bf2 Be6 18. g5 h5 19. g6 Ne3 20. gxf7+ Kf8 21. Bxe3
Bxc4 22. Ng5 Ne5 23. Qxh5 (23. Qxh5 Nxf7 24. Nh7+ Ke8 25. Qxa5) 1-0

[Event "Montreal International"]
[Site "Montreal"]
[Date "1979.04.21"]
[Round "9"]
[White "Ljubojevic, Ljubomir"]
[Black "Huebner, Robert"]
[Result "1/2-1/2"]
[WhiteElo "2590"]
[BlackElo "2595"]
[Annotator "ChessBase"]
[PlyCount "87"]
[EventDate "1979.04.11"]
[EventType "tourn"]
[EventRounds "18"]
[EventCountry "CAN"]
[EventCategory "15"]
[SourceTitle "MCL"]
[Source "ChessBase"]
[SourceDate "1999.07.01"]
[SourceVersion "1"]
[SourceVersionDate "1999.07.01"]
[SourceQuality "1"]

1. e4 e6 2. d4 d5 3. Nd2 Nc6 4. Ngf3 Nf6 5. e5 Nd7 6. Nb3 Be7 (6... a5 {
Huebner,R-Larsen,B/Montreal (02)/1979/1-0/44/}) 7. c3 (7. Bb5 a6 $6 (7... Ncb8
8. O-O O-O 9. Bd3 a5 (9... b6) 10. Be3 a4 11. Nbd2 c5 12. c3 $14) 8. Bxc6 bxc6
9. Na5 Nb8 10. O-O c5 11. c4 O-O 12. dxc5 Bxc5 13. Bg5 Qd7 14. Nb3 Ba7 15. Rc1
$14 {Estevez-Huebner,R/Leningrad izt/1973/1-0/}) 7... f6 (7... a5 8. a4 b6 {
Huebner,R-Larsen,B/Montreal (02)/1979/}) 8. Bb5 fxe5 9. dxe5 (9. Bxc6 $5 bxc6
10. Na5 $1 {Tal; looks very nice for White.} O-O 11. Nxc6 Qe8 12. Ncxe5 Nxe5
13. Nxe5 Ba6 $44) 9... O-O 10. Qe2 Qe8 11. Nbd4 Nc5 $10 12. O-O a6 $2 (12...
Bd7 $142 $1) 13. Bxc6 bxc6 14. Bg5 $1 $14 {Exchanging the bishops weakens
Black on the dark squares.} Bd7 (14... a5 $2 {This move was the idea behind 12.
..a6, but it doesn't work.} 15. Bxe7 Ba6 16. Qe3 $18) 15. Rac1 Na4 16. Bxe7
Qxe7 17. b4 $1 {Full control over the dark squares.} Rfc8 $1 18. Rfe1 h6 19.
Qc2 c5 $1 20. bxc5 Nxc5 21. c4 c6 {Black defends very well.} 22. Nd2 Rab8 23.
Re3 Qh4 24. N4f3 Qf4 25. Rc3 Ne4 $8 (25... d4 26. Ra3 $18 {/\Ra5}) 26. Nxe4
dxe4 27. Nd2 Qxe5 28. Qxe4 Qf5 29. Rf3 Qg5 $1 (29... Qxe4 30. Nxe4 $14) 30. Qc2
c5 $1 {Black is right to activate the bad Bd7.} 31. Rg3 Qe5 32. Qg6 Rf8 33. Nf3
Qf6 34. Qxf6 Rxf6 35. Ne5 $16 {The Ne5 is much superior to the Bd7.} Be8 36.
Ra3 Rf5 $1 37. Nd3 (37. Re1 $2 Rxe5 38. Rxe5 Rb1+) 37... Rd8 38. f3 Bg6 39. Rd1
$2 (39. Re1 $142 $16 {/\Ne5}) 39... Rf7 40. Nf2 {Some sources give 40.Nb2}
Rxd1+ 41. Nxd1 Rd7 {just in time.} 42. Ne3 Rd3 43. Rxd3 Bxd3 44. Kf2 (44. Kf2
Kf8 45. Ke1 Ke7 46. Kd2 Bb1 47. a3 Kd6 $10) 1/2-1/2

[Event "Copenhagen Open-04 (Politiken Cup-03)"]
[Site "Copenhagen"]
[Date "1982.06.??"]
[Round "8"]
[White "Bellin, Robert"]
[Black "Wiedenkeller, Michael"]
[Result "0-1"]
[WhiteElo "2410"]
[BlackElo "2320"]
[Annotator "ChessBase"]
[PlyCount "74"]
[EventDate "1982.06.??"]
[EventType "swiss"]
[EventRounds "10"]
[EventCountry "DEN"]
[SourceTitle "EXT 2000"]
[Source "ChessBase"]
[SourceDate "1999.11.16"]
[SourceVersion "1"]
[SourceVersionDate "1999.11.16"]
[SourceQuality "1"]

1. e4 e6 2. d4 d5 3. Nd2 Nc6 4. Ngf3 Nf6 5. e5 Nd7 6. Nb3 Be7 7. Bb5 a5 8. a4
Na7 9. Be2 c5 10. dxc5 Nc6 11. Bf4 g5 $6 (11... Nxc5 12. Nbd4) 12. Bg3 Nxc5 13.
Nxg5 Nxb3 14. Nxf7 Kxf7 15. Bh5+ Kg7 16. Qg4+ Kh6 17. Bf7 (17. Bf4+ Bg5 18. h4
Bxf4 19. Qxf4+ Kxh5) (17. h4 Rf8 18. cxb3) 17... Bg5 18. cxb3 (18. f4 Nxa1 19.
fxg5+ Kg7) (18. h4 Nxa1 (18... Bd2+ $5) 19. hxg5+ Kg7 20. g6 h6 21. Bh4 Nxc2+
22. Kf1 Nxe5 23. Qe2 Qc7 24. Bg3) 18... Qe7 19. f4 Qb4+ 20. Kf1 Be7 21. Bh4
Nxe5 22. Qh5+ (22. Bg5+ Kg7) 22... Kg7 23. Qxe5+ Kxf7 24. Bxe7 (24. Qxh8 Qe4 $3
(24... Qxf4+ 25. Bf2 Bc5 (25... Qf5 $5 26. Qd4) 26. Qxh7+) 25. Bxe7 Qxf4+)
24... Kxe7 25. Qg7+ Kd6 26. Qe5+ Ke7 27. Qg7+ Kd6 28. Qe5+ Kc6 29. Rc1+ Kb6 30.
Qxh8 Qxf4+ 31. Ke2 Qe4+ 32. Kf2 Qf4+ 33. Ke2 e5 34. Qd8+ Ka6 35. Qd6+ b6 36.
Qxd5 $2 (36. h3) 36... Bg4+ 37. Kd3 Qf5+ (37... Qf5+ 38. Qe4 (38. Ke3 Qg5+ 39.
Ke4 Bf5+ 40. Kf3 e4+ 41. Kf2 Qf4+ 42. Ke2 Bg4+) 38... Rd8+ 39. Ke3 Qg5+ 40. Kf2
Rf8+) 0-1

[Event "Biel"]
[Site "Biel"]
[Date "1986.07.28"]
[Round "8"]
[White "Huebner, Robert"]
[Black "Hug, Werner"]
[Result "1-0"]
[WhiteElo "2620"]
[BlackElo "2455"]
[Annotator "Dolmatov,S"]
[PlyCount "89"]
[EventDate "1986.07.20"]
[EventType "tourn"]
[EventRounds "11"]
[EventCountry "SUI"]
[EventCategory "12"]
[SourceTitle "MCL"]
[Source "ChessBase"]
[SourceDate "1999.07.01"]
[SourceVersion "1"]
[SourceVersionDate "1999.07.01"]
[SourceQuality "1"]

1. e4 e6 2. d4 d5 3. Nd2 Nc6 4. Ngf3 Nf6 5. e5 Nd7 6. Nb3 a6 $6 7. Ng5 Qe7 (
7... h6 8. Nh3 $16 (8. Nxe6 $6 fxe6 9. Qh5+ Ke7 $13)) (7... Be7 8. Qh5 (8. h4
h6 9. Nf3 f6 $132) 8... g6 9. Qh6 Bf8 10. Qh3 $16) 8. c3 b6 (8... f6 9. exf6
Qxf6 10. Bd3 e5 (10... g6 11. f4 $16) 11. Nxh7 Rxh7 12. Bxh7 $16) 9. Bd3 Bb7
10. Qe2 (10. Nxh7 $5 Rxh7 (10... O-O-O 11. Nxf8 $16) 11. Bxh7 g6 12. h4 $16 Bg7
13. Bg5 Qf8 14. h5) 10... g6 $6 (10... h6 11. Nh3 (11. Qh5 $6 g6 12. Bxg6 hxg5
13. Bxf7+ Qxf7 14. Qxh8 O-O-O $13) 11... g5 12. Bd2 $16) 11. h4 h6 12. Nf3 a5
13. Bf4 O-O-O 14. a3 f5 15. Nbd2 Qf7 (15... Qg7 16. Rg1 $5 (16. Qe3 $2 g5 17.
hxg5 hxg5 18. Rxh8 gxf4 $19) 16... Be7 17. g4 $40) 16. Qe3 Bg7 17. b4 Rdg8 18.
Rg1 Bf8 19. g4 fxg4 (19... Be7 20. Bxh6 Rxh6 21. Qxh6 f4 22. Ng5 $16) 20. Rxg4
a4 21. Bb5 (21. O-O-O Ne7 22. Bb5 Bc6 $132) 21... Qf5 22. Rg1 Qc2 23. Ke2 (23.
Bd3 $2 Qxc3 24. Ke2 g5 25. hxg5 hxg5 26. Bxg5 Rxg5 $132) 23... Qf5 24. Bxa4 Ne7
25. b5 Qh5 26. Bc2 Rh7 27. Nf1 Rf7 28. Ng3 Qg4 29. Nf5 Qh5 30. Nxh6 Bxh6 (30...
Rxf4 $5 31. Nxg8 Re4 32. Nxe7+ Bxe7 33. Bxe4 dxe4 34. Kd2 $16) 31. Bxh6 Rxf3
32. Qxf3 Qxh6 33. Rg3 Rf8 (33... Qxh4 $2 34. Rh1 $18) 34. Qg4 Nf5 35. Bxf5 gxf5
36. Qg5 Qh7 37. f4 $18 c6 38. a4 Rh8 39. Rh1 cxb5 40. axb5 Kc7 41. h5 Qf7 42.
Qg7 Qe8 43. h6 Qa8 44. Kf3 Rd8 45. h7 1-0

[Event "Biel"]
[Site "Biel"]
[Date "1986.07.30"]
[Round "9"]
[White "Klinger, Josef"]
[Black "Rogers, Ian"]
[Result "1/2-1/2"]
[WhiteElo "2430"]
[BlackElo "2515"]
[Annotator "Dolmatov,S"]
[PlyCount "92"]
[EventDate "1986.07.20"]
[EventType "tourn"]
[EventRounds "11"]
[EventCountry "SUI"]
[EventCategory "12"]
[SourceTitle "MCL"]
[Source "ChessBase"]
[SourceDate "1999.07.01"]
[SourceVersion "1"]
[SourceVersionDate "1999.07.01"]
[SourceQuality "1"]

1. e4 e6 2. d4 d5 3. Nd2 Nc6 4. c3 Nf6 (4... e5 $5 5. exd5 Qxd5 6. Ngf3 exd4 7.
Bc4 $14) 5. e5 Nd7 6. Bd3 f5 (6... Be7 7. Ndf3 O-O 8. h4 f6 9. Ng5 $16 {
Dahne-Bostra/BRD/1967/}) 7. Ne2 (7. h4 Be7 8. Ndf3 Nb6 9. h5 $16) (7. exf6 Qxf6
$10) 7... Nb6 8. Nf4 g6 9. h4 Qe7 10. Qf3 $6 (10. g4 $5 Qf7 (10... Bh6 11. g5
Bg7 12. Nf3 Qf7 13. h5 $16) 11. gxf5 gxf5 12. Nf3 $16) 10... Qf7 11. Qg3 $6 (
11. g4 $14) 11... Rg8 12. Nf3 h6 13. Be3 Bd7 14. O-O-O O-O-O 15. Nh3 Na5 (15...
a5 $5 16. Kb1 a4 $15) 16. b3 a6 17. Ne1 Kb8 18. Kb1 Rc8 19. Bf4 Qe7 (19... Bb5
$5 20. Bc2 Be2 21. Rd2 Bg4 22. f3 (22. Ng1 $2 g5 $17) 22... Bxh3 23. Qxh3 $10)
20. Qe3 Qxh4 (20... Rh8 21. Rg1 $14) 21. Nf3 Qe7 22. Bxh6 Bxh6 23. Qxh6 g5 $1
24. Nhxg5 Qa3 25. Nd2 (25. Bc2 $2 Nbc4 26. bxc4 Nxc4 $19) 25... Na4 $6 (25...
Nac4 26. Bxc4 (26. bxc4 $2 Na4 $19) 26... dxc4 27. Nxe6 $16) (25... c5 $5 $40
26. Nxe6 $6 Rc6 27. Bxf5 Na4 28. bxa4 Rb6+ 29. Kc2 c4 $19) 26. bxa4 Qxc3 27.
Ndf3 Qb4+ 28. Ka1 Qc3+ 29. Kb1 $10 Bxa4 $2 30. Rd2 Rh8 31. Qxh8 Rxh8 32. Rxh8+
Ka7 33. Rh1 Bb5 34. Bxb5 axb5 35. Rc1 Qa3 36. Nxe6 (36. Rb2 $5 Qd3+ 37. Ka1 Nc4
38. Rb3 Qe2 39. Nxe6 c6 40. Nf4 Qxf2 41. e6 $16) 36... Nc4 37. Nxc7 $2 (37. Nc5
Qb4+ 38. Nb3 Nxd2+ 39. Nfxd2 $16) 37... Qa5 38. Rb2 Qxc7 39. Rxb5 f4 40. e6 $2
(40. Ka1 $14) 40... Qc6 41. Rb4 Qxe6 $10 42. Ne5 Nxe5 43. dxe5 Qxe5 44. Rd1 Qe2
45. Rbd4 Qxf2 46. R1d2 Qf1+ 1/2-1/2

[Event "Biel"]
[Site "Biel"]
[Date "1986.07.31"]
[Round "10"]
[White "Rogers, Ian"]
[Black "Hug, Werner"]
[Result "1-0"]
[WhiteElo "2515"]
[BlackElo "2455"]
[Annotator "Dolmatov,S"]
[PlyCount "71"]
[EventDate "1986.07.20"]
[EventType "tourn"]
[EventRounds "11"]
[EventCountry "SUI"]
[EventCategory "12"]
[SourceTitle "MCL"]
[Source "ChessBase"]
[SourceDate "1999.07.01"]
[SourceVersion "1"]
[SourceVersionDate "1999.07.01"]
[SourceQuality "1"]

1. e4 e6 2. d4 d5 3. Nd2 Nc6 $6 4. Ngf3 Nf6 5. e5 Nd7 6. Nb3 Be7 7. Bb5 a5 8.
a4 Na7 9. Bd3 b6 10. O-O O-O (10... c5 $5) (10... Bb7 11. Qd2 $10 {Liberzon,
V-Vaganian,R/Baden/1980/}) 11. c3 c5 12. Bc2 Re8 $6 (12... f6 $5 13. exf6 Bxf6)
(12... Nc6 $5 13. Re1 f6 14. exf6 Nxf6 $14) 13. Re1 Nc6 14. h4 Nf8 (14... Bxh4
$2 15. Nxh4 Qxh4 16. Re3 f5 17. exf6 Qxf6 18. Bxh7+ Kxh7 19. Qh5+ $18) 15. h5
c4 16. Nbd2 $16 f5 17. exf6 gxf6 18. Nf1 Ra7 (18... Bd6 19. Bh6) 19. Bh6 Bd6
20. Ne3 Kh8 21. g3 Qd7 22. Nh4 Qf7 23. Qf3 Ne7 24. Ng4 Ng8 25. Bxf8 Bxf8 26.
Ng6+ hxg6 27. hxg6 Qe7 (27... Qg7 28. Kg2 Ne7 29. Rh1+ Kg8 30. Nxf6+ $18) 28.
Qh1+ Nh6 29. Nxh6 Bxh6 30. Qxh6+ Kg8 31. Kg2 Qg7 32. Rh1 e5 33. Qe3 Rae7 34.
Rh7 Qf8 35. g7 Rxg7 36. Qh6 1-0

[Event "Lone Pine op Louis D. Statham Masters"]
[Site "Lone Pine"]
[Date "1979.04.03"]
[Round "8"]
[White "Hort, Vlastimil"]
[Black "Seirawan, Yasser"]
[Result "1-0"]
[WhiteElo "2600"]
[BlackElo "2485"]
[Annotator "Dolmatov,S"]
[PlyCount "83"]
[EventDate "1979.03.25"]
[EventType "swiss"]
[EventRounds "9"]
[EventCountry "USA"]
[SourceTitle "MCL"]
[Source "ChessBase"]
[SourceDate "1999.07.01"]
[SourceVersion "1"]
[SourceVersionDate "1999.07.01"]
[SourceQuality "1"]

1. e4 e6 2. d4 d5 3. Nd2 Nc6 4. Ngf3 Nf6 5. e5 Nd7 6. Be2 Ncb8 $2 (6... f6 7.
exf6 Qxf6 8. Nf1 Bd6 9. Ne3 $14) 7. h4 b6 8. h5 c5 9. c3 cxd4 10. cxd4 $16 Ba6
(10... h6 $5 11. Nf1 Ba6 12. Ng3) 11. h6 g6 (11... gxh6 $32 12. Nf1) 12. Nf1
Be7 13. Bd2 Bxe2 14. Qxe2 Nc6 15. Rc1 Rc8 16. N1h2 Qc7 17. O-O O-O 18. Ng4 Qb7
19. Rc3 Ncb8 $2 (19... b5 20. Rfc1 b4 $14) 20. Bg5 $16 Bxg5 21. Nxg5 Rxc3 22.
bxc3 Qc8 23. Rc1 $6 Nc6 $6 (23... Qd8 24. f4 Qe7 $16) 24. Qb5 $1 Kh8 (24...
Nxd4 $2 25. Qxd7 Qxd7 26. Nf6+ Kh8 27. Nxd7 $18) 25. Qa4 Na5 26. Qa3 $18 Qd8
27. f4 Kg8 28. Qd6 Kh8 (28... Nc4 $2 29. Qxd7 Qxd7 30. Nf6+ $18) 29. Nf6 $18
Nxf6 30. Nxf7+ Rxf7 31. Qxd8+ Ng8 32. Qe8 Re7 33. Qf8 Nc4 34. Kf2 Nd2 35. Ke3
Nc4+ 36. Ke2 b5 37. Rb1 a6 38. a4 Rd7 39. axb5 axb5 40. Rxb5 Ra7 41. Rb8 Ra2+
42. Ke1 1-0